El Desarme: los pueblos y las Naciones Unidas . La opinión pública y la II S.E.D.

Guardado en:
Bibliografiske detaljer
Institution som forfatter: Consejo Mundial de la Paz
Format: Texto
Udgivet: Helsinki: Centro de Información del CMP
Fag:
Tags: Tilføj Tag
Ingen Tags, Vær først til at tagge denne postø!

MARC

LEADER 00000 a a2200000 04500
001 14542
003
040
090 |a 014500  
110 |a Consejo Mundial de la Paz  
245 |a El Desarme: los pueblos y las Naciones Unidas . La opinión pública y la II S.E.D.  
260 |a Helsinki:   |b Centro de Información del CMP  
300 |a 28 p.  
650 |a DESARME  
999 |c 15754  |d 15754